ბათუმის შოთა რუსთაველის სახელმწიფო უნივერსიტეტის ბიბლიოთეკა

THE NATURAL WORLD. (ბიბ.ჩანაწერი № 47127)

000 -LEADER
fixed length control field 00523nam a2200193Ia 4500
001 - CONTROL NUMBER
control field 13985
003 - CONTROL NUMBER IDENTIFIER
control field GE_BSU
008 - FIXED-LENGTH DATA ELEMENTS--GENERAL INFORMATION
fixed length control field 181216s||||||||xx |||||||||||||| ||und||
040 ## - CATALOGING SOURCE
Transcribing agency GE_BSU
080 ## - UNIVERSAL DECIMAL CLASSIFICATION NUMBER
Universal Decimal Classification number 58+59
245 #4 - TITLE STATEMENT
Title THE NATURAL WORLD.
245 ## - TITLE STATEMENT
Statement of responsibility, etc. INTRODUCED BY GWYNNE VEVERS,MBE,MA,DPHIL,FLS,FL BIOL. ASSISTANT DIRECTOR OF SCIENSE,THE ZOOLOGICAL SOCIETY OF LONDON.
260 ## - PUBLICATION, DISTRIBUTION, ETC.
Place of publication, distribution, etc. LONDON.
260 ## - PUBLICATION, DISTRIBUTION, ETC.
Name of publisher, distributor, etc. COLOUR LIBRARY BOOKS.
300 ## - PHYSICAL DESCRIPTION
Extent 270p;29cm.
300 ## - PHYSICAL DESCRIPTION
Other physical details ill.
653 ## - INDEX TERM--UNCONTROLLED
Uncontrolled term THE NATURAL WORLD.
942 ## - ADDED ENTRY ELEMENTS (KOHA)
Koha item type წიგნი
ეგზემპლარები
Withdrawn status Lost status Damaged status Not for loan Date acquired Barcode Date last seen Price effective from Koha item type
        2018-12-17 36828 2018-12-17 2018-12-17 წიგნი